1513 1552 1009 1283 1147 1255 1192 1451 1028 1419 1749 1460 1304 1355 1601 1525 1282 1310 1041 1332 1127 1225 1090 1392 1055 1429 1157 1131 1164 1779 1092 1879 1381 1667 1783 1612 1587 1229 1513 1795 1432 1372 1113 1049 1991 1042 1132 1458 1110 1937 1124 1803 1385 1388 1653 1467 1407 1673 1342 1798 1551 1415 1761 1196 2000 1764 1682 1836 1599 1966 1406 1335 1270 1332 1731 1945 1970 1965 1233 1602 1294 1356 1933 1042 1415 1783 1439 1633 1126 1322 1095 1138 1627 1797 1263 1093 1765 1533 1642 BCNSPRNW ULIB Ver.6.0+V

เปลี่ยนเป็นภาษาไทย

Change to English
 แสดงรายละเอียดบรรณานุกรม
  กลับหน้าหลัก

Brief Record : Get Marc (ISO 2709) : E-mail record : QR code < ปิดหน้าต่าง
LEADER : 00000nam 2200000uu 4500
001    13399125854
003     ULIB
008    020711s2016 th a 000 0 eng d
020    ^a9781259587702
060    ^aWB18.2^bT-C
100    ^aToy, Eugene C.
245    ^aCase files.Family medicine/^bToy, Eugene C.
250    ^a4th ed
260    ^aPhiladelphia :^bMcGraw-hill,^c2016
300    ^a691 pages;^c22 cm
650    ^aFamily Practice-Case Reports
945    ^p947^l0^i003236
999    ^aประนอม เกษจรัล
รายการนี้ยังไม่มีแท็ก
คุณยังไม่ได้ล็อกอิน คุณสามารถมีกิจกรรมร่วมกับเว็บไซต์ได้ แต่ต้องล็อกอินก่อน ::
  ล็อกอิน

รายการสื่อสารสนเทศ

ลำดับที่ ประเภท เลขเรียก/บาร์โค้ด สถานที่ สถานะ
1. วิทยาศาสตร์การแพทย์ และสุขภาพ
หนังสือสำรอง
สถานะ=หนังสือสำรอง
WB18.2 T-C ฉ.1 
  Barcode: 003236
ห้องสมุดวิทยาเขตสวรรค์ประชารักษ์
►หนังสือทั่วไป
บนชั้น

BibComment


ยังไม่เคยถูกคอมเมนท์

คอมเมนท์ทรัพยากรรายการนี้
  คอมเมนท์: Case filesFamily..


 Copyright 2026. Bcnsprnw @Library